Zvykajme si

Politologický názor v dennej tlači ohľadom politického vývoja v Európskej únii, keď od novembra 2014 sa v Európskej rade uplatňuje nový postup hlasovania kvalifikovanou väčšinou. Lisabonská zmluva predpokladá, že v oblasti priestoru slobody, bezpečnosti a spravodlivosti, kam patrí azylová a imigrant...

Description complète

Enregistré dans:
Détails bibliographiques
Auteur principal: Augustín, Michael, 1991-
Format: Chapitre de livre
Langue:slovaque
Sujets:
Tags: Ajouter un tag
Pas de tags, Soyez le premier à ajouter un tag!

MARC

LEADER 00000naa a2200000 4500
001 0280469
005 20240502074344.0
041 0 |a slo 
044 |a SK 
245 1 0 |a Zvykajme si  |c Michael Augustín 
520 |a Politologický názor v dennej tlači ohľadom politického vývoja v Európskej únii, keď od novembra 2014 sa v Európskej rade uplatňuje nový postup hlasovania kvalifikovanou väčšinou. Lisabonská zmluva predpokladá, že v oblasti priestoru slobody, bezpečnosti a spravodlivosti, kam patrí azylová a imigrantská politika, sa v Európskej rade rozhoduje kvalifikovanou väčšinou. Jednomyseľné hlasovanie sa zredukovalo len na niekoľko oblastí, napríklad spoločná zahraničná a bezpečnostná politika, občianstvo, členstvo v EÚ, harmonizácia legislatívy v oblasti nepriamych daní či sociálne zabezpečenie. Východná časť EÚ sa pri pretláčaní spoločných záujmov bude musieť naučiť držať viac spolu. 
610 2 0 |a politológia 
610 2 0 |a zmluvy medzinárodné 
610 2 0 |a Európska rada 
610 2 0 |a vzťahy medzinárodné 
610 2 0 |a vývoj politický 
610 2 0 |a situácia politická 
610 2 0 |a Európska únia 
100 1 |a Augustín, Michael, 1991-